| 000 | 00566nam a2200145Ia 4500 | ||
|---|---|---|---|
| 008 | 171212s9999 xx 000 0 und d | ||
| 020 | _a9781921666544 | ||
| 100 | _aPower, John | ||
| 245 |
_cPower, John _aFiducial Governance _bAn Australian republic for the new millennium |
||
| 260 |
_bANU E Press _c2010 |
||
| 440 | _aAustralia and New Zealand School of Government (ANZSOG) | ||
| 650 | _aPolitical Science | ||
| 650 | _aRepublicanism -- Australia; Democracy -- Australia; Australia -- Politics and government | ||
| 856 | _uwww.jstor.org/stable/10.2307/j.ctt24hcmz | ||
| 999 |
_c351109 _d351109 |
||